000 00799nam a2200265 a 4500
001 30878
003 BD-RjUL
005 20211209051629.0
008 140412m1974 nyu 000 0 eng
020 _a0121619052 (v. 5)
035 _a(BD-RjUL)30965
040 _aEZC
_cEZC
_dMUL
_dBD-RjUL
_beng
041 _aeng
060 0 _aWL 700 H234
082 _a153.7
_bHAN 1974
245 0 0 _aHandbook of perception /
_cEdited by Edward C. Carterette and Morton P. Friedman
260 _aNew York :
_bAcademic Press,
_c1974
300 _aVol. :
_bill. ;
_c24 cm
500 _aIncludes index
505 0 _aVol. 1. History and Philosophical Roots of Perception. --
650 _aPerception
_9168067
700 1 _aFriedman, Morton P.
_992176
710 2 _aAssociation of Carers.
_993407
942 _2ddc
_cBK
999 _c30878
_d30878